Úžitkové vlastnosti hydrokoloidov pre kozmetiké výrobky s obsahom tenzidov diplomová práca

Salvato in:
Dettagli Bibliografici
Autore principale: Semanová, Gabriela
Natura: Libro
Lingua:slovacco
Pubblicazione: Bratislava STU FCHPT 2014
Accesso online:Visualizza in OPAC
Tags: Aggiungi Tag
Nessun Tag, puoi essere il primo ad aggiungerne!!

MARC

LEADER 00000nam a2200000 a 4500
005 20260127134302.0
008 140701 2014 000 0 slo d
035 |a vtls010607489 
039 9 |a 201407010950  |b mschk03  |y 201407010926  |z mschk03 
040 |a STUSCHK1  |b slo  |c STUSCHK1  |e AACR2 
100 1 |a Semanová, Gabriela 
245 1 |a Úžitkové vlastnosti hydrokoloidov pre kozmetiké výrobky s obsahom tenzidov  |b diplomová práca  |c Gabriela Semanová 
260 |a Bratislava  |b STU FCHPT  |c 2014 
300 |a 66 s.  |b Obr., grafy  |c 30 cm 
500 |a Obhájené: 11.6.2014 
500 |a Štud. program: potraviny, hygiena, kozmetika 
500 |a Štud. odbor: potravinárstvo 
500 |a Škol. pracovisko: Odd. potravinárskej technológie 
500 |a Evid. číslo: FCHPT-5457-69616 
910 |a SCHK95 
999 |c 8801  |d 8801